DIGITAL ELECTRONICS (Record no. 816009)

MARC details
000 -LEADER
fixed length control field 00352pam a2200157a 44500
008 - FIXED-LENGTH DATA ELEMENTS--GENERAL INFORMATION
fixed length control field 230405s1997 xxu||||| |||| 00| 0 eng d
041 ## - LANGUAGE CODE
Language code of text/sound track or separate title ENG
100 ## - MAIN ENTRY--PERSONAL NAME
Personal name TAWADE , PALAN
245 ## - TITLE STATEMENT
Title DIGITAL ELECTRONICS
250 ## - EDITION STATEMENT
Edition statement 1997
260 ## - PUBLICATION, DISTRIBUTION, ETC.
Place of publication, distribution, etc. PUNE
Name of publisher, distributor, etc. TECHNOVA PUB
Date of publication, distribution, etc. 1997
300 ## - PHYSICAL DESCRIPTION
Extent P.B,MISE PAGE
650 ## - SUBJECT ADDED ENTRY--TOPICAL TERM
Topical term or geographic name entry element E&TC
690 ## - LOCAL SUBJECT ADDED ENTRY--TOPICAL TERM (OCLC, RLIN)
Topical term or geographic name as entry element E&TC
906 ## - LOCAL DATA ELEMENT F, LDF (RLIN)
a 1814
Holdings
Withdrawn status Lost status Damaged status Not for loan Collection Home library Current library Date acquired Source of acquisition Cost, normal purchase price Total Checkouts Full call number Barcode Date last seen Price effective from Koha item type
          College of Engineering, Kolhapur College of Engineering, Kolhapur 10/07/2013 BHARATI MADHYAVARTI SAHAKARI GRAHAK BHANDAR LTD.PUNE 175.00   621.381/TAW ECK-UG-6537 16/08/2023 16/08/2023 Book